Principles of CMOS VLSI design (Record no. 2744)

000 -LEADER
fixed length control field 00701nam a2200229 a 4500
001 - CONTROL NUMBER
control field 2744
003 - CONTROL NUMBER IDENTIFIER
control field BD-DhUET
008 - FIXED-LENGTH DATA ELEMENTS--GENERAL INFORMATION
fixed length control field 920421s1993 mauaf b 001 0 eng
020 ## - INTERNATIONAL STANDARD BOOK NUMBER
International Standard Book Number 0201533766
040 ## - CATALOGING SOURCE
Original cataloging agency DLC
Transcribing agency DLC
Modifying agency BD-DhUET
082 00 - DEWEY DECIMAL CLASSIFICATION NUMBER
Classification number 623.8173
Item number WES/1992
100 1# - MAIN ENTRY--PERSONAL NAME
Personal name Weste, Neil H. E.
245 10 - TITLE STATEMENT
Title Principles of CMOS VLSI design
Remainder of title a systems perspective
Statement of responsibility, etc. by Neil H.E. Weste and Kamran Eshraghian
250 ## - EDITION STATEMENT
Edition statement 2nd ed.
260 ## - PUBLICATION, DISTRIBUTION, ETC. (IMPRINT)
Place of publication, distribution, etc. New York
Name of publisher, distributor, etc. Addison-Wesley Publishing
Date of publication, distribution, etc. 1993
300 ## - PHYSICAL DESCRIPTION
Extent xxii, 713 p.
490 ## - SERIES STATEMENT
Series statement The VLSI system series
504 ## - BIBLIOGRAPHY, ETC. NOTE
Bibliography, etc Includes bibliographies
650 #0 - SUBJECT ADDED ENTRY--TOPICAL TERM
Topical term or geographic name as entry element Integrated circuits- VLSI-Design and construction
700 ## - ADDED ENTRY--PERSONAL NAME
Personal name Eshraghian, Kamran
942 ## - ADDED ENTRY ELEMENTS (KOHA)
Koha item type General Book
Holdings
Koha date last seen Koha item type Koha issues (times borrowed) Price effective from Shelving location Damaged status Koha normalized classification for sorting Copy number Sublocation or collection (holding branch) Date acquired Koha full call number Not for loan Koha date last borrowed Source of classification or shelving scheme Withdrawn status Piece designation (barcode) Lost status Location (home branch)
2014-09-30General Book 2014-09-30Circulation section 623_817300000000000_WES_19931Central Library, BUET2014-09-30623.8173/WES/1993    107718 Central Library, BUET
2015-01-10General Book12014-09-30Circulation section 623_000000000000000_8173WES1992Central Library, BUET2014-09-30623.8173/WES/1993 2014-12-13  107801 Central Library, BUET
2014-10-29General Book 2014-10-29Circulation section 623_000000000000000_8173WES1993Central Library, BUET2014-10-29623.8173/WES/1993    91121 Central Library, BUET
2014-10-29General Book 2014-10-29Circulation section 623_817300000000000_WES_19934Central Library, BUET2014-10-29623.8173/WES/1993    91119 Central Library, BUET
2014-11-01General Book 2014-11-01Circulation section 623_000000000000000_8173WES1995Central Library, BUET2014-11-01623.8173/WES/1992    91120 Central Library, BUET
2018-08-27General Book12014-11-01Circulation section 623_000000000000000_8173WES1996Central Library, BUET2014-11-01623.8173/WES/1992 2018-08-14  91124 Central Library, BUET
2017-01-01General Book 2014-11-09Circulation section 623_000000000000000_8173WES1997Central Library, BUET2014-11-09623.8173/WES/1993    91123 Central Library, BUET
2015-07-02Reading Item 2015-07-02Reading section 623_817300000000000_WES_19938Central Library, BUET2015-07-02623.8173/WES/1993    90588 Central Library, BUET
2019-01-30General Book 2019-01-30Circulation section 623_817300000000000_WES_19939Central Library, BUET1997-04-28623.8173/WES/1993    91122 Central Library, BUET